| 000 | 00941cam a2200265 a 4500 | ||
|---|---|---|---|
| 001 | 4965415 | ||
| 005 | 20220302094814.0 | ||
| 008 | 971218r19981987cau 000 0 eng | ||
| 010 | _a 97053042 | ||
| 020 | _a1561705357 (trade paper) | ||
| 040 |
_aDLC _cDLC _dDLC |
||
| 050 | 0 | 0 |
_aBL624 _b.W545 1998 |
| 082 | 0 | 0 |
_a158 _221 |
| 100 | 1 |
_aWilde, Stuart, _d1946- |
|
| 245 | 1 | 0 |
_aLife was never meant to be a struggle / _cStuart Wilde. |
| 260 |
_aCarlsbad, CA : _bHay House, _c1998. |
||
| 300 |
_a48 p. ; _c16 cm. |
||
| 500 | _aOriginally published: Sydney, Australia : Nacson, 1987. | ||
| 650 | 0 | _aSpiritual life. | |
| 650 | 0 |
_aStruggle _xReligious aspects. |
|
| 650 | 0 | _aRelaxation. | |
| 906 |
_a7 _bcbc _corignew _d1 _eocip _f19 _gy-gencatlg |
||
| 942 |
_2lcc _hBL624 .W545 1998 _cBOOK |
||
| 999 |
_c31318 _d31318 |
||